| 000 | 00754nam a22001937a 4500 | ||
|---|---|---|---|
| 003 | OSt | ||
| 005 | 20240613143657.0 | ||
| 008 | 240613b ||||| |||| 00| 0 eng d | ||
| 040 | _cAIMIT LIBRARY | ||
| 100 |
_aCrasta, Joswin Lainold. _e2116071 _9170606 |
||
| 245 |
_aComparative analysis of working capital management of escoms in Karnataka / _cBy Joswin Lainold Crasta ; Guided by Swapna Rose. |
||
| 260 |
_aMangalore ; _c2023. |
||
| 650 |
_aLiterature review _9170607 |
||
| 650 |
_aResearch methodology _9170608 |
||
| 650 |
_aData analysis and interpretation _9170609 |
||
| 700 |
_aRose, Swapna. _eGuide _9170610 |
||
| 856 |
_3Mangalore Electricity supply company limited _uwww.mescom.karnataka.gov.in _ywww.mescom.karnataka.gov.in |
||
| 942 |
_2ddc _cPRO |
||
| 999 |
_c231159 _d231159 |
||